| 000 | 00990nam a22003257a 4500 | ||
|---|---|---|---|
| 003 | CHAP | ||
| 005 | 20220817044428.0 | ||
| 008 | 110318s198? mx a r 00010 spa d | ||
| 010 | _a100686 | ||
| 011 | _a101658 | ||
| 035 | _a112346 | ||
| 040 | _cCHAP | ||
| 082 | 0 | 4 |
_a338.19 _bC74 |
| 110 | 1 | _aCONASUPO | |
| 245 | 1 | 0 |
_aIndustrias CONASUPO _c/por CONASUPO |
| 246 | 3 | _aPlantas ICONSA | |
| 260 |
_aMéxico, D.F. : _bCatálogos Artísticos y Comerciales, _c[198?] |
||
| 300 |
_a34 p. : _bilus. |
||
| 590 |
_aBATCH-UPD _b10 _c20130110 _lUCH01 _h1149 |
||
| 590 |
_aBATCH-UPD _b10 _c20130410 _lUCH01 _h0734 |
||
| 590 |
_aBATCH-UPD _b10 _c20130914 _lUCH01 _h0222 |
||
| 590 |
_aCONVERSION _b10 _c20130109 _lUCH01 _h1355 |
||
| 650 | 1 | 4 |
_aAlimentos _xAbastecimiento. |
| 650 | 1 | 4 |
_aAlimentos _xIndustria. _94227 |
| 650 | 1 | 4 |
_aAsistencia social. _97959 |
| 650 | 1 | 4 |
_aPolítica alimentaria. _990389 |
| 901 | _aBK | ||
| 942 | _cLIBRO | ||
| 949 |
_a338.19 C74 _bBC _cC _d33724002259975 _eC _h11443 _i112346 _sb |
||
| 999 |
_c100686 _d100686 |
||